[Event "Kings Tournament ROMGAZ 2018-B"]
[Site "Bucharest"]
[Date "2018.11.21"]
[Round "8"]
[White "Paulet, Iozefina"]
[Black "L'Ami, Alina"]
[Result "0-1"]
[WhiteElo "2281"]
[BlackElo "2285"]
[Annotator "ChessBase"]
[PlyCount "99"]
[EventDate "2018.11.21"]
[EventCountry "ROU"]
[SourceTitle "playchess.com"]
[Source "ChessBase"]
[SourceQuality "1"]
[TimeControl "180+2"]

1. e4 {[%emt 0:00:00]} c5 {[%emt 0:00:00]} 2. Nc3 {[%emt 0:00:00]} d6 {[%emt 0:00:01]} 3. f4 {[%emt 0:00:01]} Nc6 {[%emt 0:00:01]} 4. Nf3 {[%emt 0:00:01]} g6 {[%emt 0:00:01]} 5. Bc4 {[%emt 0:00:01]} Bg7 {[%emt 0:00:01]} 6. O-O {[%emt 0:00:02]} e6 {[%emt 0:00:01]} 7. d3 {[%emt 0:00:00]} Nge7 {[%emt 0:00:03]} 8. Qe1 {[%emt 0:00:01]} O-O {[%emt 0:00:02]} 9. a4 {[%emt 0:00:01]} d5 {[%emt 0:00:18]} 10. Bb3 {[%emt 0:00:03]} Nd4 {[%emt 0:00:10]} 11. Nxd4 {[%emt 0:00:30]} cxd4 {[%emt 0:00:03]} 12. Nd1 {[%emt 0:00:07]} dxe4 {[%emt 0:00:02]} 13. dxe4 {[%emt 0:00:01]} d3 {[%emt 0:00:06]} 14. Be3 {[%emt 0:00:26]} b6 {[%emt 0:00:18]} 15. Nc3 {[%emt 0:00:14]} dxc2 {[%emt 0:00:24]} 16. Bxc2 {[%emt 0:00:01]} Ba6 {[%emt 0:00:04]} 17. Rf2 {[%emt 0:00:01]} Rc8 {[%emt 0:00:04]} 18. f5 {[%emt 0:00:13]} exf5 {[%emt 0:00:05]} 19. exf5 {[%emt 0:00:01]} Nxf5 {[%emt 0:00:09]} 20. Bxf5 {[%emt 0:00:01]} gxf5 {[%emt 0:00:01]} 21. Rxf5 {[%emt 0:00:06]} Bd3 {[%emt 0:00:09]} 22. Rd5 {[%emt 0:00:18]} Bxc3 {[%emt 0:00:03]} 23. Qg3+ {[%emt 0:00:03]} Bg7 {[%emt 0:00:01]} 24. Rxd8 {[%emt 0:00:01]} Rfxd8 {[%emt 0:00:02]} 25. Bh6 {[%emt 0:00:02]} Bg6 {[%emt 0:00:02]} 26. Bxg7 {[%emt 0:00:02]} Kxg7 {[%emt 0:00:01]} 27. h4 {[%emt 0:00:11]} Rc5 {[%emt 0:00:05]} 28. Re1 {[%emt 0:00:11]} Rcd5 {[%emt 0:00:12]} 29. Re5 {[%emt 0:00:03]} Rd1+ {[%emt 0:01:29]} 30. Kh2 {[%emt 0:00:03]} R8d3 {[%emt 0:00:00]} 31. Re3 {[%emt 0:00:39]} Rd5 {[%emt 0:00:00]} 32. Rf3 {[%emt 0:00:07]} R1d4 {[%emt 0:00:00]} 33. Rf4 {[%emt 0:00:07]} Rd3 {[%emt 0:00:00]} 34. Qe1 {[%emt 0:00:08]} h5 {[%emt 0:00:00]} 35. Qe7 {[%emt 0:00:03]} Rd7 {[%emt 0:00:00]} 36. Qf6+ {[%emt 0:00:02]} Kh7 {[%emt 0:00:00]} 37. b4 {[%emt 0:00:10]} R3d6 {[%emt 0:00:00]} 38. Qe5 {[%emt 0:00:03]} Re6 {[%emt 0:00:00]} 39. Qg5 {[%emt 0:00:04]} Re2 {[%emt 0:00:00]} 40. Rxf7+ {[%emt 0:00:07]} Rxf7 {[%emt 0:00:00]} 41. a5 {[%emt 0:00:02]} Rff2 {[%emt 0:00:00]} 42. axb6 {[%emt 0:00:03]} Rxg2+ {[%emt 0:00:00]} 43. Qxg2 {[%emt 0:00:01]} Rxg2+ {[%emt 0:00:00]} 44. Kxg2 {[%emt 0:00:00]} axb6 {[%emt 0:00:00]} 45. Kf3 {[%emt 0:00:01]} Kg7 {[%emt 0:00:00]} 46. Kf4 {[%emt 0:00:02]} Kf6 {[%emt 0:00:00]} 47. b5 {[%emt 0:00:00]} Be8 {[%emt 0:00:00]} 48. Ke4 {[%emt 0:00:01]} Bxb5 {[%emt 0:00:00]} 49. Kd5 {[%emt 0:00:00]} Bf1 {[%emt 0:00:01]} 50. Kd4 {[%emt 0:00:15] Ke5+*} 0-1

[Event "Kings Tournament ROMGAZ 2018-B"]
[Site "Bucharest"]
[Date "2018.11.21"]
[Round "9"]
[White "Nisipeanu, Liviu-Dieter"]
[Black "Parligras, Mircea-Emilian"]
[Result "1-0"]
[WhiteElo "2674"]
[BlackElo "2645"]
[Annotator "TA"]
[PlyCount "45"]
[EventDate "2018.11.21"]
[EventCountry "ROU"]
[SourceTitle "playchess.com"]
[Source "ChessBase"]
[SourceQuality "1"]

{[%evp 27,45,0,12,-5,2,2,20,28,56,48,77,84,77,84,84,82,90,88,806,804]} 1. e4 e5 2. Nf3 Nc6 3. Nc3 Nf6 4. d4 exd4 5. Nxd4 Bb4 6. Nxc6 bxc6 7. Bd3 d5 8. exd5 O-O 9. O-O cxd5 10. h3 {C47: Scotch Four Knights and Four Knights with 4 g3} c6 11. Qf3 Re8 (11... Bd6 12. Bf4 Be6 13. Rfe1 Bxf4 14. Qxf4 Qb8 15. Qxb8 Raxb8 16. Na4 Nd7 17. b3 c5 {½-½ (35) Nakamura,H (2777)-So,W (2780) Saint Louis 2018}) 12. Bf4 Bd6 13. Rfe1 Be6 14. Ne2 Rb8 {[#] LiveBook: 7 Games} 15. Nd4 $146 {[%cal Be2d4,Bd4b3,Bb3a5,Ba5c4][%mdl 32]} ({Predecessor:} 15. b3 c5 16. Rad1 Bxf4 17. Nxf4 Qa5 {0-1 (27) Geller,J (2542)-Amin,B (2654) Al Ain 2013}) 15... Bxf4 16. Qxf4 Bd7 17. Rxe8+ Qxe8 18. Nb3 a5 19. Nxa5 c5 {next ...c4 is good for Black.} ({Not} 19... Rxb2 $2 20. Nb3 $18) 20. c4 Rxb2 21. cxd5 Nxd5 22. Qc1 Qe5 $2 {[%mdl 8192] [#]} (22... Rb8 $16) 23. Nc4 {[%mdl 64] Double Attack} 1-0

[Event "Kings Tournament ROMGAZ 2018-B"]
[Site "Bucharest"]
[Date "2018.11.21"]
[Round "9"]
[White "Iordachescu, Viorel"]
[Black "Istratescu, Andrei"]
[Result "0-1"]
[WhiteElo "2597"]
[BlackElo "2565"]
[Annotator "TA"]
[PlyCount "113"]
[EventDate "2018.11.21"]
[EventCountry "ROU"]
[SourceTitle "playchess.com"]
[Source "ChessBase"]
[SourceQuality "1"]

{[%evp 15,113,10,23,3,8,48,34,6,8,7,12,22,22,23,22,18,28,26,51,49,63,47,54,47,52,43,62,23,52,51,128,73,156,142,162,160,162,156,156,156,148,77,154,140,147,139,396,140,164,-178,-184,-387,-83,-79,-87,-83,-97,-182,0,-197,-35,-43,0,-357,-285,-272,0,-289,-219,-673,-209,-914,-907,-1001,-992,-921,-630,-887,-838,-752,-660,-914,-900,-900,-886,-830,-817,-29983,-2386,-29964,-29965,-29965,-5239,-29966,-29965,-6299,-4955,-5904,-306,-292]} 1. e4 e6 2. d3 c5 3. g3 Nc6 4. Bg2 g6 5. f4 Bg7 6. Nf3 Nge7 7. O-O d6 8. c3 e5 {LiveBook: 10 Games. B20: Sicilian: Unusual White 2nd moves} (8... O-O 9. Be3 b6 10. Re1 Ba6 11. d4 Rc8 12. Na3 cxd4 13. Nxd4 Nxd4 14. Bxd4 e5 15. Be3 Qd7 16. Qd2 f5 17. fxe5 Bxe5 18. Bf4 Bxf4 19. Qxf4 fxe4 20. Qxe4 {1-0 (30) Amin,B (2686)-Kryakvin,D (2595) Hoogeveen 2018}) 9. fxe5 $146 ({Predecessor:} 9. Be3 O-O 10. Na3 b6 11. d4 cxd4 12. cxd4 exf4 13. Bxf4 d5 14. e5 a6 15. Rc1 h6 16. h4 Bf5 17. Qd2 Kh7 {1-0 (43) Beukema,S (2403)-Lee,Q (2277) Basel 2018}) 9... Nxe5 10. Nxe5 dxe5 {White is slightly better.} 11. Be3 b6 12. c4 Nc6 13. Nc3 O-O 14. Nd5 Be6 15. Qd2 Nd4 16. Rf2 Bxd5 17. cxd5 a5 18. Raf1 Qd6 19. g4 a4 20. h4 Qd7 21. Qd1 a3 22. b3 $1 b5 (22... h6 $14) 23. h5 (23. g5 $142) 23... Rac8 ({Black should try} 23... gxh5 24. gxh5 Ra6) 24. Kh2 c4 25. dxc4 bxc4 26. h6 Bh8 27. bxc4 Rxc4 28. Kh1 (28. g5 $142) 28... Qe7 (28... Rc3 $142 29. Bd2 Rc2) 29. g5 $1 $16 Rc3 30. Bd2 Rg3 $2 {[%mdl 8192]} (30... Rc2 $16 {keeps fighting.} 31. Qe1 Rb2) 31. Qc1 $2 (31. Kh2 $1 $18 {[%cal Rh2g3] and the rest is easy.} Rxg5 32. Bxg5 Qxg5 33. Qc1 Qh4+ 34. Bh3) 31... Qd7 {White should prevent ...Qg4.} 32. Be3 $4 {[%mdl 8192]} ({Resist} 32. Bb4 $6 Rb8 $16) (32. Qc5 $1 $18 {is the narrow road to win.}) 32... Qg4 $19 33. d6 $2 (33. Qd2) 33... Qh5+ $2 (33... Ne2 $19 {( -> ...Qh4+)} 34. Rxe2 Qxe2 {[%mdl 64] Double Attack}) 34. Kg1 $17 Ne2+ 35. Rxe2 Qxe2 $40 {[%csl Gg3][%cal Re2g2][%mdl 192] Double Attack. Black wants a kill.} 36. Bf2 Rd3 $2 (36... Rg4 $19 37. Kh2 Rxg2+ $1 {[%mdl 512]} 38. Kxg2 Qxe4+ 39. Kh2 Qe2) 37. Qc7 $2 (37. Qc4 $11) 37... Qd2 $2 (37... Qxa2 $19 38. Qe7 f6) 38. Bc5 $1 $15 Rg3 {[%csl Gg3][%cal Rd2g2]} 39. Rf2 $2 {[%mdl 8192]} (39. Bf2 $11 Rd3 40. Qe7) 39... Qd1+ ({Not} 39... Qxg5 40. d7 $19) 40. Kh2 {[#]} Rd3 $2 ({And not} 40... Rxg5 41. Qe7 $11) ({Better is} 40... Rc3 $1 $19 41. d7 Qh5+ {[%mdl 64] Double Attack} 42. Kg1 Qxg5) 41. d7 $2 {[%mdl 8192]} (41. Qe7 $11 {and White has nothing to worry.} Qh5+ 42. Kg1 Rd1+ 43. Bf1 Qg4+ {[%mdl 64] Double Attack} 44. Kh2 Qh4+ 45. Kg2 Qg4+ 46. Kh2 Qh4+ 47. Kg2 Qg4+ 48. Kh2) 41... Rxd7 $19 42. Qc6 $2 (42. Qb6 Qh5+ 43. Bh3) 42... Rfd8 $2 (42... Qh5+ 43. Kg1 Rd1+ 44. Rf1 Rxf1+ 45. Kxf1 Rb8) 43. Bh3 $2 (43. Be3) 43... Rd2 44. Qc7 Rxf2+ 45. Bxf2 Qd6 46. Qb7 Qd2 {[%mdl 64] Double Attack} 47. Qa7 Qxg5 48. Be3 Qh4 49. Qxa3 Bf6 50. Qc3 Bg5 51. Bg1 Bf4+ (51... Rd2+ $142 52. Qxd2 {[%mdl 64] Remove Defender} Bxd2 53. Bc5 Bf4+ 54. Kg2 Qg3+ 55. Kf1 Qxh3+ 56. Ke2 Qg2+ 57. Kd3 Qxa2 58. Be7 Qa6+ 59. Kc3 Qc8+ 60. Kb2 Qb7+ {[%mdl 64] Double Attack} 61. Kc3 Qxe7 62. Kc4 Qc7+ 63. Kb4 Bxh6 64. Ka4 Qb7 65. Ka3 Bd2 66. Ka2 Bc1 67. Ka1 Qb2#) 52. Kg2 Rd2+ 53. Kh1 Qxh6 (53... Bxh6 $142 54. Qc8+ Bf8 55. Qg4 Qe1 56. Qf3 Bc5 57. Bf1 Bxg1 58. Kxg1 Rxa2 59. Qh3 Kg7 60. Qf3 h5 61. Qg2 Rxg2+ 62. Kxg2 h4 63. Bb5 Qg3+ 64. Kf1 h3 65. Bd3 Qxd3+ {[%mdl 64] Double Attack} 66. Kf2 Qxe4 67. Kf1 h2 68. Kf2 h1=Q 69. Kg3 Qhh4#) 54. a4 Qh4 55. a5 Ra2 56. a6 Qg3 $2 (56... Rxa6 57. Qc8+ Kg7) 57. Qxg3 {Accuracy: White = 39%, Black = 28%.} 0-1

[Event "Kings Tournament ROMGAZ 2018-B"]
[Site "Bucharest"]
[Date "2018.11.21"]
[Round "9"]
[White "L'Ami, Alina"]
[Black "Bulmaga, Irina"]
[Result "1-0"]
[WhiteElo "2285"]
[BlackElo "2386"]
[Annotator "TA"]
[PlyCount "93"]
[EventDate "2018.11.21"]
[EventCountry "ROU"]
[SourceTitle "playchess.com"]
[Source "ChessBase"]
[SourceQuality "1"]

{[%evp 20,93,0,0,11,24,35,38,38,37,50,48,37,18,58,-10,60,24,56,-22,16,-39,-39,-52,0,-56,652,638,635,617,806,625,617,372,408,391,377,383,348,302,307,298,433,429,448,450,473,468,486,477,500,495,661,660,610,477,475,451,445,451,547,545,541,539,576,561,617,591,576,559,563,554,1180,1163,29988,29989]} 1. d4 Nf6 2. c4 e6 3. Nc3 Bb4 4. e3 O-O 5. Bd3 d5 6. Nf3 c5 7. O-O cxd4 8. exd4 dxc4 9. Bxc4 b6 10. Qe2 Bb7 11. Rd1 {LiveBook: 160 Games} Re8 {E54: Nimzo-Indian: Rubinstein: Main Line: 7...dxc4 8 Bxc4} (11... Nbd7 12. d5 Bxc3 13. dxe6 Bxf3 14. gxf3 fxe6 15. bxc3 Qc7 16. Bxe6+ Kh8 17. Qc4 Qb7 18. Bxd7 Nxd7 19. Qd5 Qxd5 20. Rxd5 {½-½ (32) Matlakov,M (2735)-Vitiugov,N (2722) St Petersburg 2017}) 12. Bg5 Bxc3 $146 ({Predecessor:} 12... Nc6 13. a3 Bxc3 14. bxc3 Rc8 15. Ne5 Qc7 16. Bb5 Nd5 17. Qg4 f6 18. c4 fxe5 19. cxd5 exd5 20. dxe5 Nxe5 {0-1 (33) Bick,J (2247)-Nemeth,M (2396) Budapest 2006}) 13. bxc3 Nbd7 {White is slightly better.} 14. Bb5 Qc7 15. Bxf6 gxf6 16. Qe3 Kg7 17. Nh4 (17. c4 $14) 17... a6 (17... Red8 $11) 18. Bd3 b5 19. Rac1 ({White should try} 19. a4 $14) 19... Bd5 20. Bb1 (20. a4 $11) 20... Rac8 21. Qd3 f5 {[#]} ({Black should play} 21... Nf8 $15) 22. Qe3 (22. Nxf5+ $1 $11 {[%mdl 512]} exf5 23. Qxf5 {[%mdl 64] Double Attack}) 22... Nf6 $2 {[%mdl 8192]} (22... Qd8 $15 23. Qh3 Rc7) 23. Qg5+ $18 Kf8 24. Qxf6 Qf4 25. g3 Qg4 26. Rf1 Rc6 27. f3 Qg7 28. Qxg7+ Kxg7 29. Rf2 Rec8 30. Rfc2 a5 (30... Bc4 $142 31. Kf2 Bd3) 31. Kf2 Rc4 32. Ng2 R4c7 33. Ne3 Bb7 34. c4 b4 35. d5 {[%cal Bd4d5,Bd5d6][%mdl 32]} a4 36. d6 Rc5 37. d7 Rd8 38. Rd1 Bc6 39. Rb2 Rxd7 40. Rxd7 Bxd7 41. Rxb4 Rc6 42. Rb7 Rd6 43. Ke2 Bc6 44. Rc7 Kf6 45. c5 Rd4 46. Rxc6 {[#] Black must now prevent Rd6.} Rb4 47. Nd5+ {[%mdl 64] Double Attack. Accuracy: White = 52%, Black = 24%.} 1-0

[Event "Kings Tournament ROMGAZ 2018-B"]
[Site "Bucharest"]
[Date "2018.11.21"]
[Round "9"]
[White "Foisor, Sabina-Francesca"]
[Black "Paulet, Iozefina"]
[Result "1-0"]
[WhiteElo "2264"]
[BlackElo "2281"]
[Annotator "TA"]
[PlyCount "51"]
[EventDate "2018.11.21"]
[EventCountry "ROU"]
[SourceTitle "playchess.com"]
[Source "ChessBase"]
[SourceQuality "1"]

{[%evp 9,51,45,64,23,43,4,8,2,29,29,66,68,64,26,41,31,40,0,0,0,68,31,102,101,98,0,190,186,204,16,49,0,39,51,367,367,367,367,1237,1217,29992,29993,29996,29997]} 1. Nf3 Nf6 2. d4 c5 3. c3 cxd4 4. cxd4 d6 (4... d5 5. Nc3 Nc6 6. Bf4 Bf5 7. Qb3 Na5 8. Qa4+ Bd7 9. Qc2 e6 10. e3 Nh5 11. Bg5 f6 12. Bh4 g5 13. g4 gxh4 14. gxh5 Bb4 15. Bd3 Qe7 16. a3 Bxc3+ 17. Qxc3 {0-1 (79) Aronian,L (2795)-Giri,A (2755) Moscow 2016}) 5. Nc3 e6 6. g3 $146 {A46: 1 d4 Nf6 2 Nf3 e6: Torre, London and Colle Systems} ({Predecessor:} 6. Bg5 Nbd7 7. e4 Be7 8. Bd3 O-O 9. O-O Re8 10. Rc1 e5 11. Bc4 a6 12. Bb3 {1-0 (56) Perez,L (1873)-Florez,E (1907) Bogota 2012}) 6... b6 7. Bg2 {next Ne5 is good for White.} Bb7 8. O-O {The position is equal.} Nbd7 9. Re1 Be7 10. e4 O-O 11. Bf4 a6 12. Rc1 b5 13. e5 dxe5 14. dxe5 Ne8 (14... Nd5 $11) 15. Qe2 Nb6 (15... Nc7 $14) 16. Red1 $36 {[%mdl 2048] Keeping Black busy.} Qb8 17. b3 (17. Ne4 $16) 17... Nd5 $2 (17... Nc7 $11 {and Black stays safe.}) 18. Nxd5 $18 Bxd5 {[#]} 19. h4 $2 ({Only move:} 19. Rxd5 $1 $18 {[%mdl 512]} exd5 20. e6) 19... Qb7 20. Ne1 Bxg2 21. Nxg2 Nc7 $2 {[%mdl 8192]} ({Black should try} 21... Rc8 $14) 22. Rd7 {[%mdl 64] Double Attack} Bd8 23. Bg5 f6 $2 (23... Rc8 24. Bxd8 Rfxd8 25. Rcxc7 Qxc7 26. Rxc7 Rxc7) 24. exf6 {[%mdl 64] [#] Overworked Piece} gxf6 25. Bh6 Rf7 26. Qg4+ {Accuracy: White = 38%, Black = 16%.} 1-0

[Event "Kings Tournament ROMGAZ 2018-B"]
[Site "Bucharest"]
[Date "2018.11.21"]
[Round "10"]
[White "Nisipeanu, Liviu-Dieter"]
[Black "Iordachescu, Viorel"]
[Result "0-1"]
[WhiteElo "2674"]
[BlackElo "2597"]
[Annotator "TA"]
[PlyCount "74"]
[EventDate "2018.11.21"]
[EventCountry "ROU"]
[SourceTitle "playchess.com"]
[Source "ChessBase"]
[SourceQuality "1"]

{[%evp 10,74,39,33,60,27,49,27,52,44,73,62,57,74,73,71,71,68,97,48,60,52,56,56,65,64,109,120,122,106,81,90,172,-475,-467,-517,-477,-457,-483,-439,-468,-477,-472,-460,-454,-987,-997,-982,-971,-1115,-772,-762,-742,-693,-552,-552,-552,-1026,-1019,-959,-927,-1324,-1245,-1541,-1543,-1400,-1331]} 1. e4 g6 2. d4 Bg7 3. Nf3 d6 4. Bd3 Nf6 5. O-O O-O 6. Re1 Nc6 {B07: Pirc Defence: Miscellaneous Systems} 7. d5 Nb8 {[%cal Bc6b8,Bb8d7,Bd7c5][%mdl 32]} 8. c4 (8. h3 Nbd7 9. c4 Nc5 10. Bc2 a5 11. Nc3 e5 12. Bg5 Qe8 13. Nb5 Qe7 14. b3 {1-0 (46) Grischuk,A (2750)-Carlsen,M (2832) chess.com INT 2017}) 8... c6 {White has an edge.} 9. Nc3 Nbd7 10. h3 Nc5 11. Bc2 Nfd7 12. Bf4 a5 13. Qd2 Re8 $146 ({Predecessor:} 13... a4 14. Bh6 Qb6 {½-½ (45) Lagno,K (2547)-Skripchenko,A (2403) Riadh 2017}) 14. Rad1 Qb6 15. b3 Qb4 16. e5 dxe5 17. Nxe5 e6 18. dxc6 bxc6 19. Re3 Nxe5 20. Bxe5 Bh6 (20... Bxe5 $16 {was necessary.} 21. Rxe5 f6) 21. Qd8 $4 {[%mdl 8192]} (21. Qd4 $18) 21... Rxd8 $19 {Black is clearly winning.} 22. Rxd8+ Bf8 23. Bd6 Bb7 24. Rxf8+ Rxf8 25. Ne4 Qa3 26. Nf6+ Kg7 27. Be5 (27. Nh5+ $142 Kh8 28. Bxf8 Qc1+ 29. Kh2 Qxc2 30. Bxc5 gxh5 31. Rg3) 27... Qc1+ {[%mdl 64] [#] Double Attack} 28. Kh2 Qxc2 {[%mdl 64] Double Attack} 29. Rf3 Kh8 30. Nd7+ {[#]} f6 $1 {[%cal Bf7f6,Bf6e5,Be5e4][%mdl 32]} 31. Nxc5 fxe5 32. Rxf8+ Kg7 33. Rb8 Qxf2 34. Rxb7+ Kh6 35. Nxe6 e4 36. Re7 Qf6 37. Re8 Qe5+ {Accuracy: White = 46%, Black = 37%.} 0-1

[Event "Kings Tournament ROMGAZ 2018-B"]
[Site "Bucharest"]
[Date "2018.11.21"]
[Round "10"]
[White "Istratescu, Andrei"]
[Black "Parligras, Mircea-Emilian"]
[Result "0-1"]
[WhiteElo "2565"]
[BlackElo "2645"]
[Annotator "TA"]
[PlyCount "56"]
[EventDate "2018.11.21"]
[EventCountry "ROU"]
[SourceTitle "playchess.com"]
[Source "ChessBase"]
[SourceQuality "1"]

{[%evp 22,56,8,0,0,0,0,1,7,0,6,0,0,0,0,-4,-14,-84,-8,-191,-202,-201,-221,-255,-232,-341,-336,-345,-347,-319,-271,-307,-222,-471,-347,-512,-378]} 1. Nf3 d5 2. b3 Nf6 3. Bb2 c5 4. e3 e6 5. c4 Nc6 6. cxd5 exd5 7. Be2 Bd6 8. O-O O-O 9. d4 cxd4 10. Nxd4 Re8 {A13: English Opening: 1...e6} 11. Nd2 a6 12. Rc1 {LiveBook: 7 Games} Nxd4 {The position is equal.} 13. Bxd4 {[#]} Ba3 $146 ({Predecessor:} 13... Bf5 14. Bb2 Qe7 15. Nf3 Be4 16. Nd2 Bg6 17. Nf3 Rad8 18. Qd4 {0-1 (47) Minasian,A (2432)-Parligras,M (2572) Yerevan 2014}) 14. Ra1 Bf5 15. Nb1 Bd6 16. Nc3 Rc8 17. Bf3 Ne4 18. Nxe4 dxe4 $40 {[%mdl 128] Black is up to no good.} 19. Be2 (19. Bg4 $11 {remains equal.} Qh4 20. h3 Bxg4 21. Qxg4 Qxg4 22. hxg4) 19... Rc6 ({Better is} 19... Qg5 $17 {aiming for ...Bh3.} 20. g3 Bh3) 20. g3 $2 {[#]} (20. Rc1 $1 $11) 20... Bh3 $1 $19 21. Re1 Bb4 {[%mdl 64] Trapped Piece} 22. Bc4 {intending Qh5!} Qg5 23. f4 (23. Rf1 {was necessary.}) 23... Qf5 24. a4 Bxe1 25. Qxe1 Bg4 26. a5 Bf3 27. Qc3 $2 {[#]} (27. Ra2 {keeps fighting.}) 27... Rg6 {...h5 is the strong threat.} (27... Qh3 $2 28. Ra2 $19) 28. Bf1 (28. Qd2 $142) 28... h5 {Accuracy: White = 13%, Black = 74%.} 0-1

[Event "Kings Tournament ROMGAZ 2018-B"]
[Site "Bucharest"]
[Date "2018.11.21"]
[Round "10"]
[White "L'Ami, Alina"]
[Black "Foisor, Sabina-Francesca"]
[Result "1/2-1/2"]
[WhiteElo "2285"]
[BlackElo "2264"]
[Annotator "TA"]
[PlyCount "79"]
[EventDate "2018.11.21"]
[EventCountry "ROU"]
[SourceTitle "playchess.com"]
[Source "ChessBase"]
[SourceQuality "1"]

{[%evp 18,79,33,32,66,47,47,44,41,39,49,43,41,21,30,24,34,5,15,4,16,20,35,20,20,22,43,43,67,59,159,55,221,231,210,61,124,0,0,0,0,0,0,0,0,0,0,0,1,2,101,73,72,77,83,88,94,85,127,141,149,113,247,235]} 1. d4 d5 2. c4 c6 3. Nf3 Nf6 4. Nc3 a6 5. Bg5 e6 6. e3 Be7 7. Bd3 Nbd7 8. cxd5 {D53: Queen's Gambit Declined: 4 Bg5 Be7: Early deviations} exd5 9. Qc2 h6 10. Bh4 {LiveBook: 4 Games. White is slightly better.} Nh5 11. Bxe7 Qxe7 12. O-O O-O 13. Rfe1 Ndf6 (13... Nhf6 14. Rab1 Qd6 15. b4 Re8 16. a4 a5 17. bxa5 Rxa5 18. Nd2 {½-½ (69) Lenderman,A (2599)-Akobian,V (2647) Saint Louis 2018}) 14. h3 $146 ({Predecessor:} 14. a4 Be6 15. Ne5 Ng4 16. Nxg4 Bxg4 {1-0 (33) Andersen,L-Pieretti,A ICCF email 2001}) 14... g6 15. Ne5 Ng7 16. e4 dxe4 17. Nxe4 Nxe4 18. Bxe4 Qg5 19. Nf3 Qf6 20. d5 cxd5 21. Bxd5 Bf5 22. Qb3 Rab8 23. Ne5 ({Wrong is} 23. Bxb7 $2 Bc8 $19) 23... b5 (23... Rbe8 $14 24. Qc3 b5) 24. Rac1 (24. Qf3 $16) 24... Rbe8 $2 ({Black should try} 24... Rbc8 $1 $14 25. Rxc8 Bxc8) 25. Rc6 $18 Qe7 26. Nf3 (26. Re3 $18 Qa7 27. Nxf7 Rxe3 28. Nd6+ (28. Qxe3 Qxe3 29. fxe3 Rxf7 $18) (28. fxe3 Kh7 $16) 28... Re6 29. Nxf5) 26... Qd7 {[#]} (26... Qa7 $14) 27. Rcc1 ({Resist} 27. Rxa6 Rxe1+ 28. Nxe1 Rd8 $14) (27. Rd1 $1 $16) 27... Rxe1+ $11 28. Rxe1 Be6 29. Bxe6 Nxe6 30. Qe3 $36 {[%mdl 2048] White is pushing.} Kh7 31. Ne5 Qd4 32. Qxd4 Nxd4 {[%mdl 4096] Endgame KRN-KRN} 33. Rd1 Ne6 (33... Rd8 $11 {keeps the balance.} 34. Kf1 Kg7) 34. Rd7 Kg7 35. Ra7 Nc5 36. b4 Na4 37. Rxa6 Nc3 38. Ra7 h5 39. g3 Rd8 (39... Ne4 $16 {was necessary.}) 40. Rxf7+ {Accuracy: White = 42%, Black = 33%.} 1/2-1/2

[Event "Kings Tournament ROMGAZ 2018-B"]
[Site "Bucharest"]
[Date "2018.11.21"]
[Round "10"]
[White "Paulet, Iozefina"]
[Black "Bulmaga, Irina"]
[Result "0-1"]
[WhiteElo "2281"]
[BlackElo "2386"]
[Annotator "TA"]
[PlyCount "87"]
[EventDate "2018.11.21"]
[EventCountry "ROU"]
[SourceTitle "playchess.com"]
[Source "ChessBase"]
[SourceQuality "1"]

{[%evp 19,87,15,27,15,16,9,12,10,12,-9,0,-37,0,0,11,-36,-41,-29,29,22,25,24,31,43,34,34,28,25,30,18,18,11,49,11,11,11,11,11,0,0,16,0,0,-67,-62,-93,-87,-87,-59,-62,-64,-75,-65,-65,-67,-226,-218,-243,-232,-240,-237,-208,-224,-317,-64,-83,-18,-18,-18,-2237]} 1. e4 e5 2. Nf3 Nc6 3. Bc4 Bc5 4. O-O Nf6 5. d3 d6 6. c3 a6 7. Bb3 O-O 8. Re1 Ba7 9. Nbd2 {[%cal Bb1d2,Bd2f1,Bf1e3,Be3f5][%mdl 32]} h6 10. Nf1 Be6 {LiveBook: 67 Games. C54: Giuoco Piano: 4 c3 Nf6, main lines with 5 d4 and 5 d3} (10... Re8 11. Ng3 Be6 12. Bc2 d5 13. exd5 Bxd5 14. Be3 Bxe3 15. Rxe3 Qd7 16. h3 Re7 17. Qd2 Rae8 18. Rae1 {0-1 (27) Aronian,L (2764)-Karjakin,S (2782) Leuven 2018}) 11. Bxe6 fxe6 12. Qb3 Qd7 13. Be3 Bxe3 14. Nxe3 Rab8 $146 ({Predecessor:} 14... Kh7 15. Rad1 {1-0 (62) Alijanzadeh,M (1917)-Sadati,S (1859) Teheran 2017}) 15. Nf5 Qf7 16. Ng3 Nd7 17. d4 exd4 18. cxd4 {[#]} e5 (18... Nxd4 $142 $1 {[%mdl 512]} 19. Nxd4 Qxf2+ 20. Kh1 Qxd4 21. Qxe6+ Rf7) 19. Qxf7+ Rxf7 20. d5 Ne7 21. Rac1 Rc8 22. Nd2 Nc5 {White should prevent ...Nd3.} 23. Re3 a5 24. Nb3 b6 $1 25. Nxc5 bxc5 26. Ra3 Ra8 27. Rc4 c6 28. dxc6 Nxc6 29. Nf5 Rd7 30. Rd3 Nd4 31. Nxd4 (31. Rd2 $11) 31... exd4 $11 {[%mdl 4096] Endgame KRR-KRR} 32. b3 Rb8 33. Ra4 Rb5 34. Kf1 Ra7 35. Ke2 Rb4 36. Ra3 a4 $1 37. Kd2 $2 {[#]} ({Better is} 37. f4 $15) 37... axb3 $1 $19 38. Rdxb3 (38. Rxa7 $2 {perishes.} b2 $19) 38... Rxa3 39. Rxa3 {KR-KR} Rb2+ 40. Kd3 Rxf2 41. Kc4 (41. Ra6 {was called for.}) 41... Re2 $2 (41... Rxg2 $2 42. Kd5 $17) (41... Rc2+ $19 42. Kd5 Kf7) 42. Kd5 $1 $15 Re3 (42... Rd2 $17 43. g3 d3) 43. Ra8+ $1 $11 Kh7 {White must now prevent ...d3.} 44. Ra7 $2 {[%mdl 8192] Precision: White = 35%, Black = 54%.} (44. Rd8 $11) 0-1